The practice of social research / (Record no. 2726)

000 -LEADER
fixed length control field 00776pam a2200265 a 4500
001 - CONTROL NUMBER
control field 2436644
003 - CONTROL NUMBER IDENTIFIER
control field OSt
005 - DATE AND TIME OF LATEST TRANSACTION
control field 20240402152958.0
008 - FIXED-LENGTH DATA ELEMENTS--GENERAL INFORMATION
fixed length control field 880325s1989 caua b 001 0 eng
010 ## - LIBRARY OF CONGRESS CONTROL NUMBER
LC control number 88011771
020 ## - INTERNATIONAL STANDARD BOOK NUMBER
International Standard Book Number 053409726X
040 ## - CATALOGING SOURCE
Original cataloging agency DLC
Transcribing agency DLC
Modifying agency DLC
050 00 - LIBRARY OF CONGRESS CALL NUMBER
Classification number H62
Item number .B2 1989
082 00 - DEWEY DECIMAL CLASSIFICATION NUMBER
Classification number 001.42
Edition number 19
Author Mark BAB
100 1# - MAIN ENTRY--PERSONAL NAME
Personal name Babbie, Earl R.
245 14 - TITLE STATEMENT
Title The practice of social research /
Statement of responsibility, etc. Earl Babbie.
250 ## - EDITION STATEMENT
Edition statement 5th ed.
260 ## - PUBLICATION, DISTRIBUTION, ETC.
Place of publication, distribution, etc. Belmont, Calif. :
Name of publisher, distributor, etc. Wadsworth Pub. Co.,
Date of publication, distribution, etc. c1989.
300 ## - PHYSICAL DESCRIPTION
Extent xxvii, 501, [143] p. :
Other physical details ill. ;
Dimensions 25 cm.
504 ## - BIBLIOGRAPHY, ETC. NOTE
Bibliography, etc. note Includes bibliography and index.
650 #0 - SUBJECT ADDED ENTRY--TOPICAL TERM
Topical term or geographic name entry element Social sciences
General subdivision Research.
650 #0 - SUBJECT ADDED ENTRY--TOPICAL TERM
Topical term or geographic name entry element Social sciences
General subdivision Methodology.
906 ## - LOCAL DATA ELEMENT F, LDF (RLIN)
a 7
b cbc
c orignew
d 1
e ocip
f 19
g y-gencatlg
942 ## - ADDED ENTRY ELEMENTS (KOHA)
Source of classification or shelving scheme
Koha item type Book
Holdings
Withdrawn status Lost status Source of classification or shelving scheme Damaged status Not for loan Collection code Permanent Location Current Location Shelving location Date acquired Full call number Barcode Date last seen Price effective from Koha item type Total Checkouts Total Renewals Date last checked out
          Computer Science Central Library (CL) Central Library (CL) First Floor - Computer Science 03/16/2016 001.42 BAB S3H-N-29 03/16/2016 03/16/2016 Book      
          Computer Science Central Library (CL) Central Library (CL) First Floor - Computer Science 03/06/2017 001.42 BAB S3H-N-300 03/04/2021 03/06/2017 Book 1 1 10/19/2017
© 2023 Central Library, National University of Sciences and Technology. All Rights Reserved.